000 00436nam a22001697a 4500
003 OSt
005 20211013155111.0
008 211013b |||||||| |||| 00| 0 eng d
020 _a0-443-02252-6
040 _aDDC
_cHU
082 _21
_a611.018
_b1
100 _aWheater P.R.
_913409
245 _aBasic Histopathology A COLOR ATLAS AND TEXT
250 _a1
260 _aMELBOURNE
_bChurchill Livingstone
_c1985
942 _2ddc
_cBOOKS
_n0
999 _c12520
_d12520